000 00817nam a2200253Ia 4500
003 OSt
005 20221005033552.0
006 a|||||r|||| 00| 0
007 ta
008 221004b |||||||| |||| 00| 0 eng d
020 _a9789380852249 (hbk)
_c995
024 _a23481
037 _b709, 23/11/2015, Anshika Book International Publishers & Distributors
_cTextual
040 _aCRL
_cCRL
_beng
041 _2eng
_aeng
082 _aQ4:68, M8;Q3
100 _aHazra Kanai Lal
245 0 _aConstitution of the buddhist sangha
260 _aDelhi
_bBuddhist World Press India
_c1988
300 _axi, 232p.
_ccm.
650 _aRELIGION
942 _hQ4:68, M8;Q3
_cTEXL
_2cc
999 _c941727
_d941727